Estatísticas para Municípios de Mato Grosso em um Mapa

Clique aqui para jogar o quiz

Estatísticas Gerais

  • Esse quiz foi jogado 416 vezes
    (128 desde o último reset)
  • A pontuação média é 30 de 142

Respostas no mapa

Respostas codificadas por cores de uma escala verde-vermelha no mapa do quiz de acordo com a % correta abaixo.
 

Estatísticas das Respostas

Município% Correto
Cuiabá
96%
Sinop
84%
Sorriso
73%
Rondonópolis
71%
Várzea Grande
69%
Lucas do Rio Verde
63%
Primavera do Leste
58%
Cáceres
55%
Barra do Garças
54%
Nova Mutum
50%
Tangará da Serra
50%
Alta Floresta
48%
Juína
45%
Poconé
45%
Pontes e Lacerda
41%
Colíder
39%
Colniza
38%
Campo Verde
36%
Comodoro
36%
Guarantã do Norte
36%
Sapezal
35%
Diamantino
34%
Aripuanã
33%
Jaciara
31%
Campo Novo do Parecis
30%
Feliz Natal
30%
Alto Araguaia
29%
Barra do Bugres
29%
Chapada dos Guimarães
29%
Juara
29%
Nobres
29%
Confresa
28%
Água Boa
26%
Paranatinga
26%
Canarana
25%
Peixoto de Azevedo
25%
Vera
25%
Querência
24%
Alto Garças
23%
Apiacás
23%
Mirassol d'Oeste
23%
Nova Xavantina
23%
Rosário Oeste
23%
Tapurah
23%
Vila Bela da Santíssima Trindade
23%
Itiquira
21%
Matupá
21%
Paranaíta
21%
Porto dos Gaúchos
21%
Vila Rica
21%
Acorizal
20%
Alto Taquari
20%
Poxoréu
20%
São Félix do Araguaia
20%
Brasnorte
19%
Cláudia
19%
Juruena
19%
Pedra Preta
19%
Araguainha
18%
Campos de Júlio
18%
Jauru
18%
Santo Antônio do Leverger
18%
Alto Paraguai
16%
Jangada
16%
Marcelândia
16%
Porto Alegre do Norte
16%
São José do Rio Claro
16%
Boa Esperança do Norte
15%
Denise
15%
Nova Lacerda
15%
Nova Maringá
15%
Novo Mundo
15%
Pontal do Araguaia
15%
Rondolândia
15%
Santa Rita do Trivelato
15%
São José dos Quatro Marcos
15%
Torixoréu
15%
Araputanga
14%
Gaúcha do Norte
14%
Juscimeira
14%
Luciara
14%
Nova Ubiratã
14%
São José do Xingu
14%
Terra Nova do Norte
14%
Araguaiana
13%
Barão de Melgaço
13%
Campinápolis
13%
Dom Aquino
13%
Guiratinga
13%
Ipiranga do Norte
13%
Itanhangá
13%
Nova Bandeirantes
13%
São Pedro da Cipa
13%
Tesouro
13%
Conquista D'Oeste
11%
Itaúba
11%
Nortelândia
11%
Nossa Senhora do Livramento
11%
Nova Olímpia
11%
Santa Cruz do Xingu
11%
Arenápolis
10%
Canabrava do Norte
10%
Cocalinho
10%
Figueirópolis D'Oeste
10%
General Carneiro
10%
Indiavaí
10%
Nova Monte Verde
10%
Nova Nazaré
10%
Nova Santa Helena
10%
Ponte Branca
10%
Porto Esperidião
10%
Rio Branco
10%
Salto do Céu
10%
Bom Jesus do Araguaia
9%
Carlinda
9%
Castanheira
9%
Cotriguaçu
9%
Glória D'Oeste
9%
Nova Brasilândia
9%
Nova Guarita
9%
Nova Marilândia
9%
Novo Horizonte do Norte
9%
Reserva do Cabaçal
9%
Ribeirão Cascalheira
9%
Ribeirãozinho
9%
Alto Boa Vista
8%
Lambari D'Oeste
8%
Nova Canaã do Norte
8%
Novo Santo Antônio
8%
Planalto da Serra
8%
Porto Estrela
8%
São José do Povo
8%
Tabaporã
8%
Vale de São Domingos
8%
Curvelândia
6%
Novo São Joaquim
6%
Santa Terezinha
6%
Santo Afonso
6%
Santo Antônio do Leste
6%
Serra Nova Dourada
6%
União do Sul
6%
Santa Carmem
5%

Distribuição das Pontuações

Percentil de Números Respondidos

Porcentagem de Pessoas com Cada Pontuação

Sua Pontuação Histórica

Você não jogou esse quiz desde o último reset